Menopause for the MRCOG and beyond (Record no. 119384)
[ view plain ]
| 000 -LEADER | |
|---|---|
| fixed length control field | 01155nam a2200313 a 4500 |
| 100 1# - MAIN ENTRY--AUTHOR NAME | |
| Personal name | Rees, Margaret. |
| 245 10 - TITLE STATEMENT | |
| Title | Menopause for the MRCOG and beyond |
| 250 ## - EDITION STATEMENT | |
| Edition statement | 2nd ed. |
| 260 ## - PUBLICATION, DISTRIBUTION, ETC. (IMPRINT) | |
| Place of publication | London : |
| Name of publisher | RCOG Press, |
| Year of publication | 2008. |
| 300 ## - PHYSICAL DESCRIPTION | |
| Number of Pages | viii, 118 p. : |
| Other physical details | ill. |
| 490 1# - SERIES STATEMENT | |
| Series statement | MRCOG and beyond series |
| 650 #0 - SUBJECT ADDED ENTRY--TOPICAL TERM | |
| Topical Term | Menopause. |
| 856 40 - ELECTRONIC LOCATION AND ACCESS | |
| Uniform Resource Identifier | http://site.ebrary.com/lib/rucke/Doc?id=10511558 |
No items available.
